000 00457nam a2200181Ia 4500
001 10416
005 20260306161830.0
008 260306t1955||||xx |||||||||||||| ||spa||
041 _aESP
082 _a923.6
_bG19
100 _aGandhi, Mohandas Karamchand
_eAUT
245 0 _aAutobiografía de Gandhi:
_bla historia de mis experimentos con la verdad
260 _c1955
300 _a
_c
650 _aGEN
654 _aCHU
942 _cLIB
_dJUS
_fJUS
_2ddc
_n
999 _c10416
_d10416